Допеть до победы! Роль песни в советском обществе во время Второй мировой войны (Запись № 12821510)

Подробности
000 -МАРКЕР
контрольное поле 03250nam0a2200481 4500
001 - ИДЕНТИФИКАТОР ЗАПИСИ
контрольное поле RU\NLR\BIBL_A\012682976
005 - ИДЕНТИФИКАТОР ВЕРСИИ
контрольное поле 20250624113954.0
010 ## - МЕЖДУНАРОДНЫЙ СТАНДАРТНЫЙ НОМЕР КНИГИ (ISBN)
Номер (ISBN) 978-1-6446954-6-3
Уточнения Academic Studies Press
010 ## - МЕЖДУНАРОДНЫЙ СТАНДАРТНЫЙ НОМЕР КНИГИ (ISBN)
Номер (ISBN) 978-5-6044709-9-2
Уточнения БиблиоРоссика
Тираж 500
021 ## - НОМЕР ГОСУДАРСТВЕННОЙ РЕГИСТРАЦИИ
Код страны российская федерация
Номер 2021-62663
Номер Листа государственной регистраци КН-П-4915
035 ## - ДРУГИЕ СИСТЕМНЫЕ НОМЕРА
Идентификатор записи (RuMoRGB)010801327
035 ## - ДРУГИЕ СИСТЕМНЫЕ НОМЕРА
Идентификатор записи (NLR Aleph) 012682976
100 ## - ДАННЫЕ ОБЩЕЙ ОБРАБОТКИ
Данные общей обработки 20220113d2021 |||y0rusy50 ca
101 1# - ЯЗЫК РЕСУРСА
Язык текста, звукозаписи и т.д. русский
Язык оригинала английский
102 ## - СТРАНА ПУБЛИКАЦИИ ИЛИ ПРОИЗВОДСТВА
Страна публикации российская федерация
-- соединенные штаты америки
105 ## - ПОЛЕ КОДИРОВАННЫХ ДАННЫХ: ТЕКСТОВЫЕ МАТЕРИАЛЫ, МОНОГРАФИЧЕСКИЕ
Кодированные данные о монографическом текстовом документе y z 001zy
181 #0 - ПОЛЕ КОДИРОВАННЫХ ДАННЫХ: ВИД СОДЕРЖАНИЯ
Код вида содержания (ISBD) i
Код характеристики содержания (ISBD) axxe
182 #1 - ПОЛЕ КОДИРОВАННЫХ ДАННЫХ: ТИП СРЕДСТВА
Код типа средства (ISBD) n - непосредственное
200 1# - ЗАГЛАВИЕ И СВЕДЕНИЯ ОБ ОТВЕТСТВЕННОСТИ
Основное заглавие Допеть до победы! Роль песни в советском обществе во время Второй мировой войны
Первые сведения об ответственности Сюзанн Амент
Последующие сведения об ответственности перевод с английского Ирины Климовицкой
203 ## - ВИД СОДЕРЖАНИЯ И ТИП СРЕДСТВА
Вид содержания Текст
Дополнительные сведения об издании визуальный
Тип средства непосредственный
210 ## - ПУБЛИКАЦИЯ, РАСПРОСТРАНЕНИЕ И ДР.
Место издания, распространения и т.д. Бостон
Имя издателя, распространителя и т. д. Academic Studies Press
Место издания, распространения и т.д. Санкт-Петербург
Имя издателя, распространителя и т. д. БиблиоРоссика
Дата издания, распространения и т.д. 2021
215 ## - ФИЗИЧЕСКАЯ ХАРАКТЕРИСТИКА
Специфическое обозначение материала и объем 414 с.
Размеры 22
225 1# - СЕРИЯ
Основное заглавие серии Современная западная русистика
Параллельное заглавие серии Contemporary Western Rusistika
Язык параллельного заглавия английский
300 ## - ОБЩИЕ ПРИМЕЧАНИЯ
Текст примечания Загл. корешка: Допеть до победы!
300 ## - ОБЩИЕ ПРИМЕЧАНИЯ
Текст примечания Пер. изд.: Sing to victory! Song in Soviet society during World War II / Suzanne Ament. - Boston: Academic Studies Press, 2018
320 ## - ПРИМЕЧАНИЯ О НАЛИЧИИ В ДОКУМЕНТЕ БИБЛИОГРАФИИ / УКАЗАТЕЛЯ
Текст примечания Библиогр.: с. 386-403
320 ## - ПРИМЕЧАНИЯ О НАЛИЧИИ В ДОКУМЕНТЕ БИБЛИОГРАФИИ / УКАЗАТЕЛЯ
Текст примечания Указ. имен: с. 404-411
330 ## - РЕЗЮМЕ ИЛИ РЕФЕРАТ
Текст примечания Книга Сюзанн Амент посвящена отношению советского общества к песне и воздействию песни на общество во время Великой Отечественной войны. Автор увлекательно рассказывает о том, как создавались и распространялись песни военной поры, а также о том, как публика воспринимала их и изменяла, приспосабливая к собственным потребностям. Песни той эпохи составляют богатое культурное наследие, отражающее индивидуальный и коллективный опыт, который привел страну к победе
333 ## - ПРИМЕЧАНИЯ ОБ ОСОБЕННОСТЯХ РАСПРОСТРАНЕНИЯ И ИСПОЛЬЗОВАНИЯ
Текст примечания 12+
454 #0 - ОРИГИНАЛ (ПЕРЕВОДА)
Встроенное поле 2001#$aSing to victory! Song in Soviet society during World War II$fSuzanne Ament
-- 210##$aBoston$cAcademic Studies Press$d2018
-- 700#1$aAment$bS.$gSuzanne
Заглавие Sing to victory! Song in Soviet society during World War II
Автор Ament, Suzanne
516 1# - ЗАГЛАВИЕ НА КОРЕШКЕ [ИЗДАНИЯ]
Заглавие на корешке Допеть до победы!
517 1# - ДРУГИЕ ВАРИАНТЫ ЗАГЛАВИЯ
Вариант заглавия Роль песни в советском обществе во время Второй мировой войны
606 1# - НАИМЕНОВАНИЕ ТЕМЫ КАК ПРЕДМЕТ
Наименование темы Песни русские советские
Хронологический подзаголовок 1941 - 1945
Системный номер авторитетной/нормативной записи 1834068
Идентификатор авторитетной/нормативной записи RU\NLR\AUTH\66829592
606 1# - НАИМЕНОВАНИЕ ТЕМЫ КАК ПРЕДМЕТ
Наименование темы Поэзия русская советская
Хронологический подзаголовок 1941 - 1945
Системный номер авторитетной/нормативной записи 2038654
Идентификатор авторитетной/нормативной записи RU\NLR\AUTH\66939683
686 1# - ИНДЕКСЫ ДРУГИХ КЛАССИФИКАЦИЙ
Индекс Щ313(2Р=Рус)7-44
686 2# - ИНДЕКСЫ ДРУГИХ КЛАССИФИКАЦИЙ
Индекс Ш5(2=Р)7-335
700 #1 - ИМЯ ЛИЦА - ПЕРВИЧНАЯ ОТВЕТСТВЕННОСТЬ
Начальный элемент ввода Амент
Часть имени, кроме начального элемента ввода С.
Расширение инициалов личного имени Сюзанн
942 ## - ДОПОЛНИТЕЛЬНЫЕ ЭЛЕМЕНТЫ ЗАПИСИ (АБИС)
Тип экземпляра АБИС Книга
980 ## - КОЛЛЕКЦИЯ
Название коллекции Национальная библиография
Экземпляры
Тип экземпляра Дата поступления Источник поступления Библиотека постоянного хранения Библиотека текущего хранения Место хранения Шифр хранения Штрих-код Статус не для выдачи Стоимость
Книга 13.01.2022 Обязательный экземпляр РНБ (Московский) РНБ (Московский) Русский книжный фонд: издания с 1957 года, 8этаж, Хран. 2022-5/255 1-3626047    
Книга 13.01.2022 Обязательный экземпляр РНБ (Московский) РНБ (Московский) Русский книжный фонд: издания с 1957 года, 8этаж, Хран. 2022-5/255 1-3626048    
Книга 03.02.2022 Покупка РНБ (Садовая) РНБ (Садовая) Универсальный читальный зал У Щ31(2)/А-615 1-3999424   837.03